Решающая сила перестройки: возрастание активности советского рабочего класса в ускорении социально-экономического развития страны

Dettagli Bibliografici
Autore principale: Михеев В. А. Валентин Александрович
Riassunto:Исключено из фонда НТБ ТПУ
Lingua:russo
Pubblicazione: Москва, Мысль, 1988
Natura: MixedMaterials Libro
KOHA link:https://koha.lib.tpu.ru/cgi-bin/koha/opac-detail.pl?biblionumber=248198

MARC

LEADER 00000nam0a2200000 4500
001 248198
005 20231031212352.0
010 |a 5244003399 
035 |a (RuTPU)RU\TPU\book\269916 
090 |a 248198 
100 |a 20140120d1988 k y0rusy50 ca 
101 0 |a rus 
102 |a RU 
105 |a y z 001zy 
200 1 |a Решающая сила перестройки  |e возрастание активности советского рабочего класса в ускорении социально-экономического развития страны  |f В. А. Михеев 
210 |a Москва  |c Мысль  |d 1988 
215 |a 252 с. 
333 |a Исключено из фонда НТБ ТПУ 
700 1 |a Михеев  |b В. А.  |g Валентин Александрович 
801 1 |a RU  |b 63413507  |c 20140120 
801 2 |a RU  |b 63413507  |c 20220311  |g RCR 
942 |c BK